000
00288nam a22001337a 4500
008
181207b xxu||||| |||| 00| 0 eng d
020
_a
0194694112
041
_a
eng
080
_a
510
100
_a
39
101
_a
MAT
245
_a
Intermediate Algebra
_c
Silver.H.A
942
_2
udc
_c
BK
999
_c
52995
_d
52995